Statistics for Sports Teams by States

Click here to take the quiz!

General Stats

  • This quiz has been taken 605 times
    (329 since last reset)
  • The average score is 71 of 92

Answer Stats

StateTeams% Correct
New York Jets
94%
New York Yankees
94%
New JerseyNew York Giants
92%
San Francisco Giants
92%
New York Knicks
88%
New York Mets
87%
Brooklyn Nets
86%
Cincinnati Reds
86%
WisconsinGreen Bay Packers
84%
Los Angeles Lakers
83%
MinnesotaMinnesota Vikings
83%
UtahUtah Jazz
83%
ArizonaArizona Cardinals
82%
Boston Red Sox
82%
IllinoisChicago Bears
82%
Chicago White Sox
82%
GeorgiaAtlanta Falcons
81%
ColoradoDenver Broncos
81%
FloridaMiami Dolphins
81%
Miami Heat
81%
St Louis Cardinals
81%
Texas Rangers
81%
North CarolinaCarolina Panthers
80%
TexasDallas Cowboys
80%
Houston Texans
80%
CaliforniaSan Francisco 49ers
80%
DCWashington Redskins
80%
Atlanta Hawks
79%
Boston Celtics
79%
MichiganDetriot Lions
79%
MassachusettsNew England Patriots
79%
Philadelphia 76ers
79%
WashingtonSeattle Seahawks
79%
Chicago Bulls
78%
Chicago Cubs
78%
Golden State Warriors
78%
Los Angeles Clippers
78%
Los Angeles Rams
78%
LouisianaNew Orleans Saints
78%
Oakland Athletics
78%
OklahomaOklahoma City Thunder
78%
PennsylvaniaPittsburgh Steelers
78%
Sacramento Kings
78%
TennesseeTennessee Titans
78%
OhioCleveland Browns
77%
Indiana Pacers
77%
IndianaIndianapolis Colts
77%
Jacksonville Jaguars
77%
Minnesota Timberwolves
77%
Phoenix Suns
77%
New YorkBuffalo Bills
76%
Minnesota Twins
76%
Philadelphia Eagles
76%
San Diego Chargers
76%
Toronto Raptors
76%
Washington Wizards
76%
Atlanta Braves
75%
Cincinnati Bengals
75%
Los Angeles Dodgers
75%
Orlando Magic
75%
Tampa Bay Buccaneers
75%
MarylandBaltimore Ravens
74%
Colorado Rockies
74%
Dallas Mavericks
74%
Denver Nuggets
74%
Houston Astros
74%
Houston Rockets
74%
MissouriKansas City Chiefs
74%
OregonPortland Trail Blazers
74%
San Antonio Spurs
74%
Arizona Diamondbacks
73%
Detriot Pistons
73%
Detriot Tigers
73%
Cleveland Cavaliers
72%
Los Angeles Angels
72%
Miami Marlins
72%
Milwaukee Bucks
72%
New Orleans Pelicans
72%
CanadaToronto Blue Jays
72%
Washington Nationals
72%
Oakland Raiders
71%
Charlotte Hornets
70%
Seattle Mariners
70%
Tampa Bay Rays
70%
Baltimore Orioles
69%
Philadelphia Phillies
69%
Pittsburgh Pirates
69%
San Diego Padres
69%
Milwaukee Brewers
67%
Memphis Grizzlies
66%
Cleveland Indians
64%
Kansas City Royals
60%

Score Distribution

Percentile by Number Answered

Percent of People with Each Score

Your Score History

You have not taken this quiz since the last reset